000
00296nam a2200109Ia 4500
008
220216s9999 xx 000 0 und d
245
0
_a
NR price boom : Happy days are back for growers. But for how long ?
260
_b
Rubber Asia
_c
2004
300
_a
77-82
650
_a
Rubber price
942
_c
JS
999
_c
64164
_d
64164